=LDR 00000nam 2200000 4500 =001 INLIS000000000036034 =005 20130612141836 =008 ***********************************Ind** =035 ##$$0010-061300000036034 =041 ##$$a Ind =082 ##$$a 371.271 =090 ##$$a 371.271, Pem p =245 ##$$a Pembahasan Ebtanas SMP Tahun 1996/1997, Tim =260 ##$$a 1997 $b Surabaya =300 ##$$a 342 hlm., ilus.6c30 cm =850 ##$$a NBPNMAT